La piel de zapa

محفوظ في:
التفاصيل البيبلوغرافية
المؤلف الرئيسي: Balzac, Honoré de
التنسيق: كتاب
اللغة:Spanish
منشور في: Barcelona, España Bruguera 1981
الموضوعات:
الوسوم: إضافة وسم
لا توجد وسوم, كن أول من يضع وسما على هذه التسجيلة!

MARC

LEADER 00000nam a2200000Ia 4500
008 170316s9999 xx 000 0 spa d
040 |a cru BVZT 
090 |a 840 B-2pi 
100 |a Balzac, Honoré de 
245 |a La piel de zapa 
260 |a Barcelona, España 
260 |b Bruguera 
260 |c 1981 
300 |a 287 páginas 
650 |a LITERATURA FRANCESA 
999 |c 7524  |d 7524 
942 |c 15 D  |h 840 B-2pi  |2 z